Más allá de los rostros /

Obra que reúne más de veinte semblanzas de personas ligadas de alguna manera a la vida de Samuel Bernardo Lemus, sacerdote y comunicador michoacano. El perfil de sus semblanzas atiende a la fidelidad de los personajes a su compromiso, a Dios y a la vida.

Zapisane w:
Opis bibliograficzny
1. autor: Lemus, Samuel Bernardo (autor)
Format: Książka
Język:hiszpański
Wydane: México : editorial no identificada, 1973, c1973
Hasła przedmiotowe:
Etykiety: Dodaj etykietę
Nie ma etykietki, Dołącz pierwszą etykiete!

MARC

LEADER 00000nam^a2200000^a^4500
001 000391270
005 20250521000000.0
009 20260310121210.42
025 |a Donación Luis Octavio Lozano, 1 ejemplar 
037 |a Acervo Xavier Clavigero 
041 |a ESP 
082 |a 920. 02  |b LEM 
100 |a Lemus, Samuel Bernardo  |e (autor) 
245 1 0 |a Más allá de los rostros /  |c S.B. Lemus. 
264 4 |a México :  |b editorial no identificada,  |c 1973, c1973 
300 |a 243 p. 
336 |a texto  |b txt  |2 rdacontenido 
337 |a sin mediación  |b n  |2 rdamedio 
338 |a volumen  |b nc  |2 rdasoporte 
520 |a Obra que reúne más de veinte semblanzas de personas ligadas de alguna manera a la vida de Samuel Bernardo Lemus, sacerdote y comunicador michoacano. El perfil de sus semblanzas atiende a la fidelidad de los personajes a su compromiso, a Dios y a la vida. 
561 |a Obra autografiada por el autor para Ignacio Gómez Robledo S.J. 
649 |a XX 
650 |a Biografías -  |x Tema Principal 
650 |a Conducta de Vida 
650 |a Compromiso (Etica) 
650 |a Historia 
910 |a Fondo General 
920 |a Impresos - Libros 
930 |a Obras de Referencia 
905 |a 102 
901 |a 0500286135  |b IT2  |c REF  |i FXC D2833  |u 20250521 
902 |a https://opac.biblio.iteso.mx/vufind/Record/000391270